Loading...
| Other - Geo/CE | 3 | 1 | 0 | 1 | 55 | 25 | 48.50 | 1 | 3 |
| Science - Other Science | 1 | 3 | 1 | 1 | 40 | 62 | 92.75 | 2 | 3 |
| Other - Pop Culture | 0 | 3 | 1 | 1 | 25 | 89 | 121.33 | 0 | 2 |
| Science - Biology | 0 | 3 | 1 | 1 | 25 | 102 | 113.67 | 0 | 0 |
| Science - Physics | 0 | 3 | 1 | 2 | 25 | 85 | 117.33 | 0 | 2 |
| Science - Chemistry | 0 | 2 | 0 | 1 | 20 | 122 | 122.00 | 0 | 0 |
| Science - Engineering | 1 | 0 | 0 | 0 | 15 | 66 | 66.00 | 0 | 1 |
| Science - Other Science | 0 | 1 | 0 | 0 | 10 | 110 | 110.00 | 0 | 1 |
| Thought - Social Science | 0 | 1 | 0 | 0 | 10 | 66 | 66.00 | 0 | 1 |
| Beliefs - Religion | 0 | 1 | 0 | 0 | 10 | 73 | 73.00 | 0 | 1 |
| History - American History | 0 | 1 | 0 | 0 | 10 | 81 | 81.00 | 0 | 0 |
| History - American History | 0 | 1 | 0 | 0 | 10 | 88 | 88.00 | 0 | 1 |
| Other - Other Academic | 0 | 1 | 0 | 0 | 10 | 85 | 85.00 | 0 | 0 |
| Other - Other Academic | 0 | 1 | 0 | 0 | 10 | 93 | 93.00 | 0 | 0 |
| Science - Biology | 0 | 1 | 0 | 1 | 10 | 122 | 122.00 | 0 | 1 |
| Science - Chemistry | 0 | 0 | 0 | 0 | 0 | 0.00 | 0 | 0 | |
| Science - Engineering | 0 | 0 | 1 | 0 | -5 | 0.00 | 0 | 0 | |
| Beliefs - Mythology | 0 | 0 | 1 | 0 | -5 | 0.00 | 0 | 0 |